|
|
|
|
| LEADER |
00000nab a2200000uu 4500 |
| 001 |
vtls011456099 |
| 003 |
SK-MaSNL |
| 005 |
20260303151500.0 |
| 008 |
230222|1982 xo |||||||||||||||||eng| |
| 015 |
|
|
|a SNBRB
|
| 035 |
|
|
|a (urnnbn)urn:nbn:sk:snk:ar-a080qg
|
| 035 |
|
|
|a (uuid)7c2d4dfd-929c-4d2a-acd9-7beb6aeeecb2
|
| 035 |
|
|
|a urn:nbn:sk:snk-abcqzu
|
| 040 |
|
|
|a SNKBUCL
|b slo
|c SNKBUCL
|e AACR2
|
| 041 |
0 |
|
|a eng
|
| 044 |
|
|
|a xo
|c SK
|
| 100 |
1 |
|
|a Šmarda, J.
|4 aut
|9 1123392
|
| 245 |
1 |
0 |
|a PLASMIDS AND THEIR HOSTS
|c J. Šmarda
|
| 773 |
0 |
|
|t Acta virologica
|g Roč. 26, č. 3 (1982), s. 193-206
|
| 958 |
|
|
|a OND
|
| 958 |
|
|
|a EUIPO
|
| 958 |
|
|
|a article16
|
| 999 |
|
|
|c 2017882
|d 2019812
|